| 000 | 00484nam a2200181Ia 4500 | ||
|---|---|---|---|
| 001 | 9780 | ||
| 005 | 20260306161743.0 | ||
| 008 | 260306t2009||||xx |||||||||||||| ||spa|| | ||
| 041 | _aESP | ||
| 082 |
_a425 _bJ72T |
||
| 100 |
_aJones, Leo _eAUT |
||
| 245 | 0 |
_aNew international business english (teachers book): _bcommunication skills in english for business purposes |
|
| 260 | _c2009 | ||
| 300 |
_a224 páginas : _c |
||
| 650 | _aGEN | ||
| 654 | _aCHU | ||
| 942 |
_cLIB _dJUS _fJUS _2ddc _n |
||
| 999 |
_c9780 _d9780 |
||